Geburtsorte von Deutschrappern - Statistiken

Allgemein
  • Dieses Quiz wurde 298 mal gespielt
  • Das Durchschnittsergebnis liegt bei 26 aus 50
Antwortstatistiken
Rapper/Rapperin Geburtsort % Korrekt
Sido Berlin
100%
Fler Berlin
100%
Samra Berlin
100%
Peter Fox Berlin
100%
Ufo361 Berlin
100%
Ali Bumaye Berlin
100%
Prinz Pi Berlin
100%
AK Ausserkontrolle Berlin
100%
Juju Berlin
100%
Pashanim Berlin
100%
Shirin David Hamburg
94%
Gzuz Hamburg
94%
Maxwell Hamburg
94%
Bonez MC Hamburg
94%
Nina Chuba Wedel
94%
Eko Fresh Köln
88%
Celo 385 Frankfurt am Main
86%
Abdi Süd Frankfurt am Main
86%
Dardan Stuttgart
79%
Maeckes Stuttgart
79%
Miami Yacine Dortmund
58%
Apache 207 Mannheim
58%
Money Boy Wien
58%
Haftbefehl Offenbach am Main
50%
Smudo Offenbach am Main
50%
Macloud Essen
46%
Bushido Bonn
42%
RIN Bietigheim-Bissingen
40%
Shindy Bietigheim-Bissingen
40%
Marteria Rostock
40%
Kool Savas Aachen
30%
Danger Dan Aachen
30%
Summer Cem Mönchengladbach
28%
Tarek Ebéné Freiburg im Breisgau
27%
Montez Bielefeld
26%
Trettmann Chemnitz
23%
Bausa Saarbrücken
22%
Olexesh Kiew
15%
Kay One Friedrichshafen
14%
Kollegah Friedberg
9%
Massiv Pirmasens
9%
Sierra Kidd Emden
7%
Loredana Luzern
7%
RAF Camora Vevey
7%
Luciano Bautzen
6%
Farid Bang Melilla
6%
Nura Kuwait
4%
Cro Mutlangen
4%
Casper Lemgo
2%
Ferris Hilton Neuwied
2%
Keine übereinstimmenden Quizze gefunden
Verteilung der Resultate
Anzahl Personen mit jedem Resultat
Perzentil nach korrekt beantworteten Fragen
Ihre Resultats-Entwicklung
Sie haben dieses Quiz noch nicht gespielt